000 00595nam a2200217Ia 4500
008 220216s9999 xx 000 0 und d
100 _aGopal Gopika
245 0 _aStaining procedure for sieve tubes in the bark of Hevea brasiliensis using O-dianisidine
260 _bRubber Science
_c2013
300 _a274-278
650 _aGlutaraldehyde
650 _aGlutaraldehyde
650 _aO-dianisidine
650 _aO-dianisidine
650 _aSieve tubes
650 _aSieve tubes
650 _aStaining procedure
650 _aStaining procedure
700 _aThomas V
942 _cAR
999 _c47256
_d47256